Southville International School and Colleges
Your cart is empty.
  • Cart
  • Lists
    Public lists Eva Luna New books Lux_list list_1
    Your lists Log in to create your own lists
  • Log in to your account
  • Your cookies
  • Search history
Southville International School and Colleges
  • Advanced search
  • Recent comments
  • Most popular
  • Libraries

Log in to your account

Log in with GOOGLE


If you do not have an external account, but do have a local account, you can still log in:

  1. Home
  2. MARC view: On baking :
Normal view MARC view ISBD view

On baking : (Record no. 305209)

[ view plain ]
MARC details
000 -LEADER
fixed length control field 00790nam a2200253Ia 4500
008 - FIXED-LENGTH DATA ELEMENTS--GENERAL INFORMATION
fixed length control field 161112s9999 xx 000 0 und d
020 ## - INTERNATIONAL STANDARD BOOK NUMBER
International Standard Book Number 978-981-0697-07-5
050 ## - LIBRARY OF CONGRESS CALL NUMBER
Classification number CUL TX 763
050 ## - LIBRARY OF CONGRESS CALL NUMBER
Item number .L33 2009
100 ## - MAIN ENTRY--PERSONAL NAME
Personal name Labensky, Sarah R.
245 #0 - TITLE STATEMENT
Title On baking :
245 #2 - TITLE STATEMENT
Remainder of title a textbook of baking and pastry fundamentals /
245 #0 - TITLE STATEMENT
Statement of responsibility, etc Sarah R. Labensky with Priscilla Martel, Eddy Van Damme; photographs by Richard Embery; Drawings by Stacey Winters Quattrone and William E. Ingram.
250 ## - EDITION STATEMENT
Edition statement 2nd Edition
260 ## - PUBLICATION, DISTRIBUTION, ETC. (IMPRINT)
Place of publication, distribution, etc New Jersey :
260 ## - PUBLICATION, DISTRIBUTION, ETC. (IMPRINT)
Name of publisher, distributor, etc Prentice Hall,
260 ## - PUBLICATION, DISTRIBUTION, ETC. (IMPRINT)
Date of publication, distribution, etc 2009
300 ## - PHYSICAL DESCRIPTION
Extent 830 pages :
300 ## - PHYSICAL DESCRIPTION
Other physical details illustrations ;
300 ## - PHYSICAL DESCRIPTION
Dimensions 27 cm.
500 ## - GENERAL NOTE
General note Includes bibliographical references and index.
650 ## - SUBJECT ADDED ENTRY--TOPICAL TERM
Topical term or geographic name as entry element Baking.
650 ## - SUBJECT ADDED ENTRY--TOPICAL TERM
General subdivision Pastry.
Holdings
Withdrawn status Lost status Damaged status Home library Current library Shelving location Date acquired Cost, normal purchase price Total Checkouts Full call number Barcode Date last seen Price effective from Koha item type
      South Mansfield College South Mansfield College     945.00   CUL TX 763 .L33 2009 SMC05328 11/12/2016 11/12/2016  

On baking :

APA

Labensky S. R., .On baking. New Jersey: .

Chicago

Labensky Sarah R, .On baking. New Jersey: .

Harvard

Labensky S. R., .On baking. New Jersey: .

MLA

Labensky Sarah R, .New Jersey: . .

  • Place hold
  • Print
  • Cite
  • Add to your cart (remove)
  • Save record
    BIBTEX Dublin Core MARCXML MARC (non-Unicode/MARC-8) MARC (Unicode/UTF-8) MARC (Unicode/UTF-8, Standard) MODS (XML) RIS
  • More searches
    Search for this title in:
    Other Libraries (WorldCat) Other Databases (Google Scholar) Online Stores (Bookfinder.com) Open Library (openlibrary.org)

Exporting to Dublin Core...

SOUTHVILLE LIBRARY

Southville International School and Colleges Library

1281 Tropical Ave. Cor. Luxembourg St., BF Homes International, Las Pinas City

Tel. No. 8256374 / 252358 Loc. 117/146

Powered by Koha